Plechový bubienok malého Oskara

Bibliographic Details
Main Author: Bakoš, Oliver, 1953- (Author)
Format: Article
Language:Slovak
Subjects:

MARC

LEADER 00000naa a2200000 a 4500
001 vtls011851239
003 SK-MaSNL
005 20260302134300.0
008 210910|2006 xo |||||||||||||||||slo|
015 |a SNBCL 
035 |a (urnnbn)urn:nbn:sk:snk:ar-a0at93 
035 |a urn:nbn:sk:snk-aaw67d 
035 |a (uuid)e8b126c7-c4e2-4b12-859d-3942787bda39 
040 |a SNKBUCL  |b slo  |c SNKBUCL  |e AACR2 
041 |a slo 
044 |a xo  |c SK 
100 1 |a Bakoš, Oliver,  |d 1953-  |4 aut  |9 102432 
245 1 0 |a Plechový bubienok malého Oskara  |c Oliver Bakoš 
336 |a text  |b txt  |c rdacontent 
337 |a bez média  |b n  |c rdamedia 
338 |a zväzok  |b nc  |c rdacarrier 
655 7 |a články zo zborníkov  |2 snkbucl  |9 166140 
773 0 |t Postava, herec, hviezda vo filme  |d Bratislava : Slovenský filmový ústav,Asociácia slovenských filmových klubov, 2006  |g S. 16-21  |z 8096952161 
958 |a OND 
958 |a article26 
958 |a chapter 
999 |c 1321069  |d 1322999